[Event "POL-chT 2nd League-3 2020"]
[Site "Poronin"]
[Date "2020.09.11"]
[Round "7.5"]
[White "Krawiec, Grzegorz"]
[Black "Swiatnicki, Andrzej"]
[Result "1/2-1/2"]
[WhiteElo "1824"]
[BlackElo "2004"]
[Annotator "TA"]
[PlyCount "57"]
[EventDate "2020.09.05"]
[EventType "team-tourn"]
[EventCountry "POL"]
[SourceTitle "playchess.com"]
[Source "ChessBase"]
[SourceQuality "1"]
[WhiteTeam "KSz Miedz II Legnica"]
[BlackTeam "TS-R HETMAN Konin"]
[BlackTeamCountry "POL"]

{[%evp 14,57,0,-35,108,116,113,112,121,123,109,122,124,97,101,29,141,-23,-20,-50,15,18,31,-109,-6,-8,-7,-7,-7,-7,-13,-16,0,0,4,2,3,3,44,0,0,0,48,52,100,100]} 1. e4 e5 2. Nf3 Nc6 3. Nc3 Nf6 4. d4 exd4 5. Nxd4 Bb4 6. Nxc6 bxc6 7. Bd3 d5 8. e5 d4 {C47: Scotch Four Knights and Four Knights with 4 g3.} (8... Ng4 $15 9. O-O O-O) 9. a3 $16 dxc3 10. axb4 cxb2 11. Bxb2 Nd5 {[#]} 12. c3 $146 ({Predecessor:} 12. Qf3 O-O 13. O-O Be6 14. Qh5 h6 15. Bc1 Nxb4 16. Ra3 Qd4 17. h3 Nxd3 18. Rxd3 {0-1 (30) Bogdanova,A (2149)-Tuitebaeva,D (2314) Cherepovets 2001}) 12... Qg5 {[#]} 13. O-O $1 O-O 14. Re1 (14. Qc2 $16) 14... Re8 (14... Nf4 $1 $11 15. Qf3 Nxd3 16. Qxd3 Rd8) 15. b5 $2 ({Better is} 15. Bc1 $16 Qg4 16. Qc2) 15... Nf4 $1 $11 {[%csl Gf4][%cal Rg5g2]} 16. Be4 {Bc1 is the strong threat.} Bf5 (16... Nh3+ $1 $15 17. Kf1 Be6) 17. Qf3 Rxe5 {Strongly threatening ...Rae8.} 18. Bc1 {[#]} (18. Bxc6 $14 {stays ahead.} Nd3 19. Re3 (19. Bxa8 Nxe1 20. Qb7 {[%mdl 64] Double Attack} Qd8 $14)) 18... Bxe4 (18... Qxg2+ $1 $17 {[%mdl 512]} 19. Qxg2 Nxg2 20. Kxg2 Rxe4 21. Rxe4 Bxe4+ 22. f3 Bd3 23. bxc6 a5) 19. Rxe4 Rxe4 20. Qxe4 Qd5 $1 {[%cal Rd5d1]} 21. Qxd5 Nxd5 {[%mdl 4096] Endgame KRB-KRN} 22. c4 Nb4 23. Bd2 Nc2 24. Ra2 Nd4 25. Be3 c5 26. Bxd4 cxd4 27. Kf1 Kf8 28. Ke2 {[%mdl 1024] White has compensation.} Ke7 29. Kd3 {Accuracy: White = 61%, Black = 49%.} 1/2-1/2

[Event "POL-chT 2nd League-3 2020"]
[Site "Poronin"]
[Date "2020.09.11"]
[Round "7.6"]
[White "Bukowska, Katarzyna"]
[Black "Karykowska, Anna"]
[Result "0-1"]
[WhiteElo "1887"]
[BlackElo "1999"]
[Annotator "TA"]
[PlyCount "74"]
[EventDate "2020.09.05"]
[EventType "team-tourn"]
[EventCountry "POL"]
[SourceTitle "playchess.com"]
[Source "ChessBase"]
[SourceQuality "1"]
[WhiteTeam "TS-R HETMAN Konin"]
[BlackTeam "KSz Miedz II Legnica"]
[WhiteTeamCountry "POL"]

{[%evp 9,74,39,57,63,89,73,106,102,129,66,120,31,37,32,68,17,29,15,47,57,66,59,73,64,72,35,47,38,58,35,58,42,105,0,0,-49,-50,-20,-21,-32,-57,-49,-6,0,0,0,0,-56,-59,-145,-161,-137,-160,-417,-379,-561,-562,-555,-356,-333,-333,-508,-521,-2521,-2490,-2386,-2277]} 1. e4 c5 2. Nf3 a6 3. Be2 b5 4. a4 b4 5. d4 e6 6. O-O {[#] B28: Sicilian: 2 Nf3 a6 (O'Kelly Variation).} Bb7 $146 ({Predecessor:} 6... cxd4 7. Nxd4 Bb7 8. Bf3 Qc7 9. e5 Ne7 10. Bxb7 Qxb7 11. Nd2 Nd5 12. Qg4 Nc6 {½-½ (25) Ivanets,V (2192)-Rooze,J (2321) Rijeka 2011}) 7. d5 Nf6 {[%cal Re6d5]} 8. dxe6 {White is better.} dxe6 9. Qxd8+ Kxd8 {[#]} 10. e5 ({Better is} 10. Ne5 $1 $16 {[%cal Re5f7]} Ke8 11. f3) 10... Nfd7 11. Nbd2 h6 12. a5 (12. Nc4 $14) 12... g5 13. Nc4 Kc7 14. Be3 Bd5 15. Nfd2 $1 $36 {[%mdl 2048] White has some pressure.} Nc6 16. f4 Bg7 17. fxg5 Ncxe5 18. Nxe5 Bxe5 19. gxh6 f5 20. Bf3 Nf6 (20... f4 $14 21. Bxd5 fxe3 22. Bxa8 exd2) 21. Bxd5 ({Much weaker is} 21. Bxc5 $6 Rxh6 22. h3 (22. Bxb4 Bxh2+ 23. Kf2 Bxf3 $17) 22... Rg8 $11) (21. Rae1 $16) 21... Nxd5 $11 22. Bxc5 {Hoping for Rae1.} Rxh6 23. Nf3 Bxb2 24. Rab1 Bc3 25. Bd4 Rg8 26. Bxc3 bxc3 27. Rf2 f4 28. Rb3 (28. Re2 $11) 28... Kd6 $15 29. Kf1 {[#]} (29. Rb7 $15) 29... Rhg6 $1 $17 30. Ne1 e5 31. Ke2 $2 (31. Re2 $17) 31... e4 $19 32. Rf1 (32. Rb7 $142) 32... Ke5 33. Rf2 Rd8 34. Rb7 Re6 35. Rh7 (35. Rg7 $142) 35... Nf6 {Black is clearly winning.} 36. Rh6 Rd2+ 37. Kf1 Rxf2+ {Accuracy: White = 51%, Black = 72%.} 0-1

[Event "POL-chT 2nd League-3 2020"]
[Site "Poronin"]
[Date "2020.09.11"]
[Round "7.7"]
[White "Sopur, Lech"]
[Black "Luba, Lukasz"]
[Result "1-0"]
[WhiteElo "2412"]
[BlackElo "2212"]
[Annotator "TA"]
[PlyCount "89"]
[EventDate "2020.09.05"]
[EventType "team-tourn"]
[EventCountry "POL"]
[SourceTitle "playchess.com"]
[Source "ChessBase"]
[SourceQuality "1"]
[WhiteTeam "RPW Okucia Budowlane LODZ"]
[BlackTeam "UKS GIECEK Radkow"]

{[%evp 20,89,36,24,37,15,85,84,99,81,75,15,73,61,86,72,78,53,101,54,52,48,60,54,51,60,58,67,101,93,101,91,179,68,216,218,436,430,422,414,534,524,492,506,777,745,915,901,1008,985,1559,1534,1739,1575,1406,1290,29986,29975,12822,5513,29987,1095,1069,1058,1019,1014,1014,908,1129,1085,983,918]} 1. d4 d5 2. c4 e6 3. Nc3 c6 4. e3 Bd6 5. Bd3 Nd7 6. Nf3 Ngf6 7. O-O O-O 8. e4 dxc4 9. Bxc4 e5 10. Be3 Qe7 11. h3 b5 {D46: Semi-Slav: 5 e3 Nbd7 6 Bd3, Black avoids the Meran.} 12. Bb3 {[#]} Ba6 $146 (12... Bb7 $11) ({Predecessor:} 12... a6 13. a3 c5 14. Nd5 Nxd5 15. Bxd5 Ra7 16. Bg5 Qe8 17. dxc5 Bxc5 18. b4 Be7 19. Be3 {1-0 (58) Eljanov,P (2717)-Haznedaroglu,K (2499) Novi Sad 2009}) 13. Re1 $16 Rac8 {White is better.} 14. a3 Bb8 15. d5 (15. Rc1 $16) 15... c5 (15... Bb7 $11) 16. Bg5 Qd6 17. Nh4 {Threatens to win with Nf5.} g6 18. Qf3 Kh8 19. Bh6 Rfe8 20. g4 Ng8 21. Bd2 c4 22. Bc2 Qf6 23. Qg3 Bd6 24. Nf3 Qg7 25. Be3 Rc7 {[#]} (25... Bb8 $16) 26. Rad1 ({Better is} 26. Nd4 $1 $18) 26... Ndf6 {[#] A mistake that costs the game.} ({Black should try} 26... Qf8 $14) 27. Nd4 $1 $18 {[%cal Rd4b5][%mdl 512]} Bc5 $2 (27... Rb7) (27... exd4 28. Qxd6) 28. Ndxb5 Bxb5 29. Nxb5 Rb7 30. Bxc5 Rxb5 31. Bd6 Rxb2 (31... Nd7 $142 32. Ba4 Rb7) 32. Ba4 Rc8 33. Bxe5 c3 34. g5 Rc4 35. d6 Qf8 36. Bxf6+ Nxf6 37. Qe5 {[%mdl 64] Pin} Rxa4 38. Qxf6+ Kg8 39. d7 Rd2 40. d8=Q (40. Rxd2 $142 cxd2 41. Rb1 Ra6 42. Qxa6 h6 43. gxh6 Kh7 44. Qc8 Qxc8 45. dxc8=Q) 40... Qxd8 {White is clearly winning.} 41. Qxd8+ Rxd8 42. Rxd8+ Kg7 43. Rd3 Rxa3 44. Rc1 Ra4 45. f3 {Accuracy: White = 74%, Black = 31%.} 1-0

[Event "POL-chT 2nd League-3 2020"]
[Site "Poronin"]
[Date "2020.09.11"]
[Round "7.8"]
[White "Laszewicz, Pawel"]
[Black "Strzelecki, Jerzy"]
[Result "1-0"]
[WhiteElo "2150"]
[BlackElo "1946"]
[Annotator "TA"]
[PlyCount "63"]
[EventDate "2020.09.05"]
[EventType "team-tourn"]
[EventCountry "POL"]
[SourceTitle "playchess.com"]
[Source "ChessBase"]
[SourceQuality "1"]
[WhiteTeam "UKS GIECEK Radkow"]
[BlackTeam "RPW Okucia Budowlane LODZ"]

{[%evp 17,63,31,36,11,12,11,27,25,16,15,19,-50,-49,-102,-103,-277,197,198,202,202,190,204,184,198,447,450,439,462,634,441,442,431,1019,1038,937,1003,1135,622,1305,1286,1235,1202,1220,1204,2071,1538,29996,29997]} 1. e4 e6 2. d4 d5 3. Nc3 Nf6 4. e5 Nfd7 5. Nce2 c5 6. c3 cxd4 7. cxd4 f6 8. f4 Nc6 9. Nf3 Qb6 10. a3 {C05: French Tarrasch: 3...Nf6 4 e5 Nfd7, 5 f4 and 5 Bd3 sidelines.} Be7 11. Nc3 fxe5 12. fxe5 {White has an edge.} O-O {Hoping for ...Rxf3!} 13. Na4 $1 {[%cal Ra4b6]} Qc7 14. Bd3 {[#]} (14. Be2 $11) 14... Rxf3 $1 $15 {[%mdl 512] [#]} 15. Qxf3 $146 ({White should try} 15. gxf3 $15 Nxd4 16. O-O) ({Predecessor:} 15. gxf3 Nxd4 16. Bxh7+ Kxh7 17. Qxd4 Qxe5+ 18. Qxe5 Nxe5 19. O-O Bd7 20. Nc3 Rf8 21. f4 {0-1 (40) Vynnytsky,V (2050)-Petrov,I (2260) ICCF email 2000}) 15... Nxd4 $17 16. Bxh7+ $2 (16. Qg3 $17) 16... Kh8 $4 {[%mdl 8192] [#]} (16... Kxh7 $19 {and life is good for Black.} 17. Qh5+ Kg8) 17. Qh3 $1 $18 {White threatens Bg6+ and mate. White now steadily converts the win.} Qxe5+ 18. Be4+ $1 Kg8 19. Qh7+ Kf8 {Strongly threatening ...Nc2+.} 20. O-O+ Bf6 $2 (20... Nf6) 21. Bg6 (21. Qh8+ Ke7 $16) 21... Ke7 22. Qg8 Kd6 23. Kh1 {Bf4 is the strong threat.} Ne2 {[#]} 24. Nc3 $1 {[%mdl 512]} Kc6 (24... b6 $142 25. Bd2 Bb7) (24... Nxc3 25. Bf4) 25. Nxe2 {[%mdl 64] Overworked Piece} Qxe2 26. Bf4 Nc5 27. Qf8 b6 28. Qd6+ Kb7 29. Be8 Ka6 30. a4 Ka5 31. Qc6 {Intending b4+! and mate.} Bb7 {[#]} 32. Bd2+ $1 {[%mdl 512] Accuracy: White = 60%, Black = 46%.} 1-0

[Event "POL-chT 2nd League-3 2020"]
[Site "Poronin"]
[Date "2020.09.11"]
[Round "7.9"]
[White "Flis, Pawel"]
[Black "Machlowski, Slawomir"]
[Result "0-1"]
[WhiteElo "1864"]
[BlackElo "2098"]
[Annotator "TA"]
[PlyCount "110"]
[EventDate "2020.09.05"]
[EventType "team-tourn"]
[EventCountry "POL"]
[SourceTitle "playchess.com"]
[Source "ChessBase"]
[SourceQuality "1"]
[WhiteTeam "RPW Okucia Budowlane LODZ"]
[BlackTeam "UKS GIECEK Radkow"]

{[%evp 17,110,0,1,2,46,6,41,20,8,-7,-1,-7,-7,0,0,-12,8,-27,0,-6,29,24,95,80,81,-276,0,0,0,0,35,0,0,0,0,0,0,0,0,0,0,-25,0,0,0,0,0,-64,-39,-56,-48,-36,-15,-58,0,-217,-138,-131,-135,-222,-70,-225,-217,-216,-220,-801,-310,-306,-306,-297,-295,-289,-301,-292,-261,-352,-327,-312,-311,-279,-288,-279,-244,-422,-424,-553,-558,-494,-395,-556,-497,-487,-487,-407,-371]} 1. e4 e6 2. d3 d5 3. Nd2 g6 4. Ngf3 Bg7 5. g3 c5 6. Bg2 Nc6 7. O-O Nge7 8. c3 O-O {8...b6 is the modern continuation.} 9. exd5 exd5 10. Nb3 {[#] A08: King's Indian Attack.} c4 $146 ({Predecessor:} 10... b6 11. Bf4 h6 12. h4 Bf5 13. d4 c4 14. Nbd2 f6 15. a4 g5 16. Be3 a6 17. b3 b5 {1-0 (50) Dzierzak,R (2237)-Nasuta,G (2463) Bialystok 2017}) 11. Nbd4 Bg4 12. Nxc6 {White is slightly better.} Nxc6 13. d4 Qd7 14. Bf4 h6 15. Qd2 g5 16. Be3 $1 Bh3 17. Rfe1 Bxg2 18. Kxg2 f5 {[#]} 19. Ne5 $1 {[%mdl 512]} Bxe5 (19... Nxe5 $11 {keeps the balance.} 20. dxe5 f4) 20. dxe5 $16 f4 21. e6 $2 {[%mdl 8192]} (21. Bc5 $16 {is forced if you want to stay better. Hoping for e6.} Rf5 22. e6 f3+ 23. Kh1) 21... f3+ $2 ({Worse is} 21... Qxe6 22. Bc5 $15) ({Better is} 21... fxe3 $19 22. Rxe3 Qd6) 22. Kh1 $1 $11 Qxe6 23. Bc5 {[#]} Qh3 $1 {[%csl Gf3][%cal Rh3g2][%mdl 512]} 24. Qxd5+ {[%mdl 64] Double Attack} Rf7 $1 {[%csl Gf3][%cal Rh3g2]} 25. Rg1 {White wants to play g4.} Qg4 {Threatens to win with ...Rd8.} 26. Rge1 Qh3 {[%csl Gf3][%cal Rh3g2]} 27. Rg1 {With the idea g4.} Qg4 28. Rge1 Rd8 (28... Qh3 $5 29. Rg1 $8 $11) 29. Qe4 Qf5 30. Qxc4 Ne5 31. Qf1 Nd3 32. Rad1 (32. Red1 $11) 32... Rfd7 ({Much worse is} 32... Qxc5 $6 33. Rxd3 Rxd3 34. Qxd3 $16) (32... b6 $5 {[%cal Rb6c5]} 33. Bd4 Nxe1 34. Rxe1 Kf8 $15) 33. Bd4 Nxe1 34. Rxe1 b6 35. Qc4+ Kh7 (35... Kf8 $15) 36. Qc6 $2 (36. Kg1 $11) 36... Rf7 37. a4 Rdd7 38. Qa8 {[#]} (38. Rg1 $17) 38... Rf8 $2 ({Black should try} 38... Rde7 $1 $19 {[%cal Re7e1]} 39. Rg1 (39. Qh8+ $2 Kg6 $19) 39... Rf8) 39. Qc6 $2 {[#]} (39. Qe4 $15) 39... Re8 $1 $40 {[%cal Re8e1][%mdl 640] White is in trouble.} 40. Rg1 (40. Rxe8 Qb1+) 40... Rde7 {White must now prevent ...Re1.} 41. Bf6 $2 (41. Be3) 41... Rc8 $2 (41... Re1 {( -> ...Rxg1+)} 42. Qc7+ Kg6 43. Qg7+ Kh5 44. Qf7+ Qg6 45. g4+ Kh4 46. Bxg5+ Qxg5 47. Qxf3 Rxg1+ 48. Kxg1 Qxg4+ 49. Qg3+ Qxg3+ 50. hxg3+ Kg4) 42. Qd6 Rd7 43. Qe5 Qxe5 44. Bxe5 {[%mdl 4096] Endgame KRR-KRB} Rd2 {[%mdl 64] Double Attack} 45. Bd4 Rxb2 46. g4 Ra2 47. h3 Rxa4 48. Kh2 b5 {[%cal Bb6b5,Bb5b4][%mdl 32]} 49. Re1 Rc7 50. Kg3 $2 (50. Re5) 50... Rac4 51. Re8 b4 52. Rh8+ Kg6 53. Rg8+ Kf7 54. Rg7+ Ke6 {And now ...Rxg7 would win.} 55. Rxc7 Rxc7 {Accuracy: White = 52%, Black = 57%.} 0-1

[Event "POL-chT 2nd League-3 2020"]
[Site "Poronin"]
[Date "2020.09.11"]
[Round "7.10"]
[White "Majocha, Piotr"]
[Black "Szmacinski, Slawomir"]
[Result "1/2-1/2"]
[WhiteElo "2047"]
[BlackElo "1852"]
[Annotator "TA"]
[PlyCount "44"]
[EventDate "2020.09.05"]
[EventType "team-tourn"]
[EventCountry "POL"]
[SourceTitle "playchess.com"]
[Source "ChessBase"]
[SourceQuality "1"]
[WhiteTeam "UKS GIECEK Radkow"]
[BlackTeam "RPW Okucia Budowlane LODZ"]
[BlackTeamCountry "POL"]

{[%evp 19,44,18,35,33,54,21,77,62,62,32,38,40,48,25,33,0,0,0,41,41,97,92,94,97,94,53,86]} 1. d4 Nf6 2. c4 e6 3. Nf3 b6 4. a3 Bb7 5. Nc3 d5 6. cxd5 exd5 7. g3 Nbd7 8. Bg2 Be7 9. O-O O-O 10. Bf4 a6 11. Ne5 {[#] E12: Queen's Indian: Unusual White 4th moves, 4 a3, 4 Nc3 Bb7 5 a3 and 4 Nc3 Bb7 .} Rc8 $146 ({Predecessor:} 11... Bd6 12. Qa4 b5 13. Qc2 Nb6 14. Nd3 Bxf4 15. Nxf4 Qd6 {1-0 (52) Fedoseev,V (2677)-Hou,Y (2664) Jinan 2019}) 12. Qb3 c6 (12... c5 $11) 13. Nxd7 {White is better.} Nxd7 14. Rfd1 b5 15. e4 {[%cal Re4d5]} Nb6 16. Bh3 Ra8 17. exd5 cxd5 18. Na2 g5 19. Bd2 f5 (19... Nc4 $14) 20. Ba5 $16 Qd6 21. Re1 Rae8 22. Bb4 Qd7 {Accuracy: White = 67%, Black = 67%.} 1/2-1/2

[Event "POL-chT 2nd League-3 2020"]
[Site "Poronin"]
[Date "2020.09.11"]
[Round "7.11"]
[White "Kelm, Robert"]
[Black "Szydelko, Michal"]
[Result "1-0"]
[WhiteElo "1613"]
[BlackElo "1877"]
[Annotator "NA RC"]
[PlyCount "143"]
[EventDate "2020.09.05"]
[EventType "team-tourn"]
[EventCountry "POL"]
[SourceTitle "playchess.com"]
[Source "ChessBase"]
[SourceQuality "1"]
[WhiteTeam "RPW Okucia Budowlane LODZ"]
[BlackTeam "UKS GIECEK Radkow"]
[TimeControl "40/5400+30:900+30"]

1. Nf3 {[%emt 0:00:15]} Nf6 {[%emt 0:00:00]} 2. c4 {[%emt 0:00:27]} e6 {[%emt 0:00:15]} 3. g3 {[%emt 0:01:08]} d5 {[%emt 0:00:29]} 4. Bg2 {[%emt 0:00:12]} Be7 {[%emt 0:00:07]} 5. O-O {[%emt 0:00:12]} O-O {[%emt 0:00:06]} 6. d4 {[%emt 0:04:53]} dxc4 {[%emt 0:01:55]} 7. Qc2 {[%emt 0:01:35]} c5 {[%emt 0:07:20]} 8. Qxc4 {[%emt 0:04:36]} Nbd7 {[%emt 0:03:40]} 9. Nc3 {[%emt 0:05:08]} Nb6 {[%emt 0:08:58]} 10. Qd3 {[%emt 0:01:48]} Nbd5 {[%emt 0:15:01]} 11. a3 {[%emt 0:03:40]} cxd4 {[%emt 0:16:02]} 12. Qxd4 Nxc3 {[%emt 0:07:45]} 13. Qxc3 {[%emt 0:12:33]} Nd5 {[%emt 0:00:08]} 14. Qb3 {[%emt 0:00:05]} Qb6 {[%emt 0:05:13]} 15. Qxb6 {[%emt 0:01:28]} Nxb6 {[%emt 0:00:06]} 16. Be3 {[%emt 0:02:43]} Nc4 {[%emt 0:04:27]} 17. Bd4 {[%emt 0:00:55]} Bd7 {[%emt 0:09:49]} 18. Ne5 {[%emt 0:11:42]} Nxe5 {[%emt 0:04:09]} 19. Bxe5 {[%emt 0:00:21]} Bc6 {[%emt 0:00:02]} 20. Bxc6 {[%emt 0:00:14]} bxc6 {[%emt 0:00:01]} 21. Rac1 {[%emt 0:00:42]} c5 {[%emt 0:00:36]} 22. Rfd1 {[%emt 0:00:24]} Rad8 {[%emt 0:01:31]} 23. Kf1 {[%emt 0:01:14]} Rd5 {[%emt 0:01:02]} 24. Bc3 {[%emt 0:00:50]} Rb8 {[%emt 0:08:56]} 25. e4 {[%emt 0:03:41]} Rdd8 {[%emt 0:00:49]} 26. Ke2 {[%emt 0:00:59]} Rxd1 {[%emt 0:03:49]} 27. Rxd1 {[%emt 0:01:57]} Rb7 {[%emt 0:00:02]} 28. Kd3 {[%emt 0:00:53]} Rd7+ {[%emt 0:00:41]} 29. Kc2 {[%emt 0:00:12]} Rb7 {[%emt 0:00:01]} 30. Rd2 {[%emt 0:00:47]} f6 {[%emt 0:01:15]} 31. Kd3 {[%emt 0:02:11]} Kf8 {[%emt 0:00:02]} 32. Kc4 {[%emt 0:00:09]} Ke8 {[%emt 0:00:04]} 33. Rd3 {[%emt 0:00:26]} Rb8 {[%emt 0:01:03]} 34. b3 {[%emt 0:00:16]} Rb7 {[%emt 0:00:42]} 35. Bd2 {[%emt 0:01:00]} a6 {[%emt 0:00:29]} 36. Be3 {[%emt 0:00:40]} Rc7 {[%emt 0:00:31]} 37. f4 {[%emt 0:00:11]} g6 {[%emt 0:00:41]} 38. g4 {[%emt 0:00:32]} Rc8 {[%emt 0:00:40]} 39. Bf2 {[%emt 0:00:12]} Rc7 {[%emt 0:00:28]} 40. h3 {[%emt 0:00:00]} Rc8 {[%emt 0:00:00]} 41. h4 {[%emt 0:05:31]} Rc6 {[%emt 0:09:13]} 42. h5 {[%emt 0:07:14]} gxh5 {[%emt 0:04:28]} 43. gxh5 {[%emt 0:02:05]} Bd6 {[%emt 0:01:25]} 44. f5 {[%emt 0:00:41]} Ke7 {[%emt 0:01:09]} 45. Bg3 {[%emt 0:01:23]} Bc7 {[%emt 0:01:48]} 46. Bxc7 {[%emt 0:01:05]} Rxc7 {[%emt 0:00:00]} 47. Rg3 {[%emt 0:00:20]} Kd6 {[%emt 0:00:46]} 48. h6 {[%emt 0:01:44]} exf5 {[%emt 0:00:39]} 49. exf5 {[%emt 0:02:29]} Ke5 {[%emt 0:00:14]} 50. Rg7 {[%emt 0:01:05]} Rc8 {[%emt 0:00:48]} 51. Rxh7 {[%emt 0:00:35]} Kxf5 {[%emt 0:00:26]} 52. Rg7 {[%emt 0:00:25]} Re8 {[%emt 0:00:34]} 53. h7 {[%emt 0:00:13]} Re4+ {[%emt 0:00:02]} 54. Kxc5 {[%emt 0:00:15]} Rh4 {[%emt 0:00:02]} 55. b4 {[%emt 0:00:14]} Ke6 {[%emt 0:00:29]} 56. a4 {[%emt 0:00:24]} f5 {[%emt 0:00:24]} 57. b5 {[%emt 0:00:11]} axb5 {[%emt 0:00:25]} 58. axb5 {[%emt 0:00:08]} Kf6 {[%emt 0:01:35]} 59. Ra7 {[%emt 0:03:05]} f4 {[%emt 0:00:15]} 60. b6 {[%emt 0:00:24]} f3 {[%emt 0:00:29]} 61. Ra3 {[%emt 0:00:29]} Rxh7 {[%emt 0:00:27]} 62. Rxf3+ {[%emt 0:00:07]} Ke6 {[%emt 0:00:05]} 63. Kc6 {[%emt 0:00:38]} Rh2 {[%emt 0:00:13]} 64. Re3+ {[%emt 0:00:05]} Kf7 {[%emt 0:00:05]} 65. b7 {[%emt 0:00:20]} Rc2+ {[%emt 0:00:01]} 66. Kd7 {[%emt 0:00:18]} Rb2 {[%emt 0:00:07]} 67. Kc8 {[%emt 0:00:08]} Rc2+ {[%emt 0:00:03]} 68. Kb8 {[%emt 0:00:12]} Rc4 {[%emt 0:00:31]} 69. Re5 {[%emt 0:00:39]} Kf6 {[%emt 0:00:06]} 70. Ra5 {[%emt 0:00:10]} Ke7 {[%emt 0:00:17]} 71. Ka7 Rc7 {[%emt 0:00:15]} 72. Ka8 {[%emt 0:00:06]} 1-0

[Event "POL-chT 2nd League-3 2020"]
[Site "Poronin"]
[Date "2020.09.11"]
[Round "7.12"]
[White "Trusz, Julia"]
[Black "Szmacinska, Grazyna"]
[Result "0-1"]
[WhiteElo "1675"]
[BlackElo "2051"]
[Annotator "TA"]
[PlyCount "74"]
[EventDate "2020.09.05"]
[EventType "team-tourn"]
[EventCountry "POL"]
[SourceTitle "playchess.com"]
[Source "ChessBase"]
[SourceQuality "1"]
[WhiteTeam "UKS GIECEK Radkow"]
[BlackTeam "RPW Okucia Budowlane LODZ"]

{[%evp 17,74,4,7,3,14,0,17,19,31,-34,-45,-33,-32,-79,-62,-82,-79,-79,-31,-79,-28,-27,-21,-65,-16,-32,-22,-22,-22,-44,-22,-27,-19,-23,-16,-8,-8,-29,-22,-44,-38,-85,0,0,0,0,13,0,29,15,57,-372,0,-403,-254,-492,-483,-29998,-29999]} 1. d4 Nf6 2. c4 e6 3. Nf3 b6 4. g3 Bb7 5. Bg2 Be7 6. O-O O-O 7. b3 d5 8. Nbd2 c5 9. Bb2 Nc6 10. dxc5 {D02: 1 d4 d5 2 Nf3 sidelines, including 2...Nf6 3 g3 and 2...Nf6 3 Bf4.} bxc5 11. Ne5 Qc7 12. Nxc6 {The position is equal.} Bxc6 {[#]} 13. Qc2 $146 (13. cxd5 $14 exd5 14. Rc1) ({Predecessor:} 13. cxd5 exd5 14. Rc1 Bb7 15. Rc2 Rac8 16. b4 c4 17. a3 a5 18. b5 Qb6 19. a4 {1-0 (30) Link,T (2290)-Martin,S Germany 1991}) 13... d4 $15 14. Bxc6 Qxc6 15. Nf3 {[%cal Bd2f3,Bf3e1,Be1d3][%mdl 32]} Bd6 16. b4 e5 ({Don't play} 16... cxb4 17. Nxd4 Qe4 18. Rac1 $11) 17. b5 Qc7 18. a4 Rae8 (18... e4 $17 19. Nh4 Qd7) 19. e4 $11 Qd7 20. Ne1 Qh3 21. f3 Nd7 22. Nd3 Qe6 23. Nf2 Be7 $36 {[%mdl 2048] White must now prevent ...Nb6. Black is more active.} 24. Ba3 g6 25. Nd3 f6 26. a5 Rf7 27. Bc1 f5 28. Bd2 Ref8 29. Nb2 fxe4 (29... f4 $17 30. gxf4 exf4) 30. Qxe4 Nf6 31. Qe2 Bd6 32. Rac1 e4 33. fxe4 $1 Nxe4 {Hoping for ...Rf2.} 34. Rfe1 $2 {[%mdl 8192] [#]} (34. Rxf7 $14 {keeps the upper hand.} Qxf7 35. Bh6) 34... Re7 $2 ({Black should play} 34... Rf2 $1 $19 {[%mdl 512] ( -> ...Qh3)} 35. Qxe4 Rf1+ $1 {[%mdl 512]} 36. Rxf1 Qxe4) 35. b6 $2 {[%mdl 8192]} (35. Qg2 $11) 35... axb6 {Strongly threatening ...Qh3.} 36. axb6 $2 (36. Bh6 {was called for.} Rfe8 37. Qg2 bxa5 {[#]} 38. Bg5 $1 {[%mdl 512]}) 36... Qh3 $19 {aiming for ...Bxg3!} 37. Qd3 {[#]} (37. Nd3 $19 Ng5 38. Qg2 Nf3+ {[%mdl 64] Double Attack} 39. Kh1 Qxg2+ 40. Kxg2 Nxd2 41. Rxe7 Bxe7 42. Nf4) 37... Rf2 $1 {[%mdl 576] Double Attack. Accuracy: White = 54%, Black = 64%.} 0-1

[Event "POL-chT 2nd League-3 2020"]
[Site "Poronin"]
[Date "2020.09.11"]
[Round "7.14"]
[White "Wandzik, Wojciech"]
[Black "Lapaj, Mateusz"]
[Result "1/2-1/2"]
[WhiteElo "2422"]
[BlackElo "2235"]
[Annotator "TA"]
[PlyCount "72"]
[EventDate "2020.09.05"]
[EventType "team-tourn"]
[EventCountry "POL"]
[SourceTitle "playchess.com"]
[Source "ChessBase"]
[SourceQuality "1"]
[WhiteTeam "KS AZS Politechniki Sl. Gliwice"]
[BlackTeam "MCKIS Jaworzno"]

{[%evp 17,72,16,18,18,20,-2,18,0,55,34,49,16,30,9,90,0,35,0,0,0,0,0,7,-12,0,0,10,0,0,0,0,0,0,-99,-112,-112,-90,-102,-11,-57,0,0,0,0,0,0,0,0,0,0,0,0,0,0,0,0,0]} 1. e4 c5 2. Nf3 Nc6 3. Bb5 g6 4. Bxc6 dxc6 5. h3 Bg7 6. d3 Nf6 7. Nc3 O-O 8. Be3 b6 9. Qd2 e5 10. Bh6 {B31: Sicilian: 2...Nc6 3 Bb5 g6.} Qd6 11. g4 a5 12. Ne2 c4 (12... Ne8 $11) 13. Bxg7 $14 Kxg7 14. g5 Nd7 {[#]} 15. dxc4 $146 ({Predecessor:} 15. d4 exd4 16. Nexd4 Qb4 17. O-O-O c3 18. Qxc3 Qxc3 19. bxc3 Nc5 20. Rde1 Na4 21. Re3 {1-0 (40) Erwich,F (2290)-Bonnmann,R (2189) Germany 2014}) 15... Qe6 {[#]} (15... Qb4 $11) 16. b3 (16. Qc3 $1 $16) 16... f5 17. Qc3 fxe4 18. Nd2 Nc5 19. Qe3 Qe7 $132 {[%mdl 2048] Black is fighting back} 20. Ng3 Bf5 21. h4 Ne6 22. Ndxe4 Nd4 23. O-O-O Bxe4 24. Qxe4 {Rxd4 is the strong threat.} Rf4 25. Rxd4 (25. Qe3 $11 {remains equal.}) 25... Rxe4 $17 26. Rxe4 a4 {And now ...Qa3+ would win.} 27. Re2 Qb4 (27... Rd8 $17 28. Rhe1 Qf7) 28. Ne4 b5 (28... Rd8 $15 29. Rhe1 b5 30. cxb5 cxb5) 29. Rd1 $11 {next Rd7+ is good for White.The position is equal.} Qa3+ 30. Kb1 axb3 (30... bxc4 $5 31. Rd7+ $8 Kf8 $11) 31. Rd7+ {[#]} Kf8 $1 32. cxb3 bxc4 33. Nf6 $1 cxb3 34. Nxh7+ Kg8 {[%cal Rb3a2]} (34... Ke8 $5 35. Nf6+ $8 Kf8 36. Nh7+ Kg8 37. Nf6+ Kf8 38. Nh7+ $11) 35. Nf6+ Kf8 {[%cal Rb3a2]} 36. Nh7+ Kg8 {Accuracy: White = 81%, Black = 70%.} (36... Ke8 $5 37. Nf6+ $8 Kf8 38. Nh7+ $11) 1/2-1/2